000 00261nam a2200097Ia 4500
001 706786
005 20250826162455.0
008 250824s9999 xx 000 0 und d
245 0 _aKURAN YOLU MEALİ KÜÇÜK BOY
_cKOMİSYON
260 _bDİYANET İŞLERİ YAYINLARI
999 _c706786
_d706786